| 000 | 00885cam a22002412 4500 | ||
|---|---|---|---|
| 001 | 0000003195 | ||
| 005 | 20151217151918.0 | ||
| 008 | 070502s xx 000 0 eng d | ||
| 020 |
_a0830725334 : _cKES 990 |
||
| 040 |
_aKABU _cKABU |
||
| 050 | 0 |
_aHQ536 _b.W75 2000 |
|
| 100 | 1 |
_aWright, H. Norman. _@0000152879 |
|
| 245 | 1 | 0 |
_aCommunication : _bkey to your marriage: a practical guide to creating a happy, fulfilling relationship / _cH. Norman Wright. |
| 260 |
_aVentura, Calif : _bRegal books, _cc2000. |
||
| 300 |
_a257 p. : _bill. ; _c22 cm. |
||
| 504 | _aIncludes bibliographical references. | ||
| 650 | 0 |
_aCommunication in marriage _zUnited States. _@0000152906 |
|
| 650 | 0 |
_aMarriage _xReligious aspects _xChristianity. _@0000152907 |
|
| 908 | _a070502 | ||
| 950 | _@1 | ||
| 999 |
_c6275 _d6275 |
||